L'arpa d'erba : romanzo /

Guardat en:
Dades bibliogràfiques
Autor principal: Capote, Truman (Autor)
Format: Llibre
Idioma:italià
Publicat: Milano : Garzanti, 1953
Col·lecció:Romanzi moderni
Etiquetes: Afegir etiqueta
Sense etiquetes, Sigues el primer a etiquetar aquest registre!

MARC

LEADER 00000nam a22000007i 4500
001 IT\ICCU\RAV\0162141
003 ItRI
005 20260115232354.0
008 911025s1953 it |||||| |||||1|||||c
040 |b ita  |c importazione bologna sebina 
041 7 |a ita  |2 ISO-639-2 
082 |a 813.5  |9 NARRATIVA AMERICANA - 1900-  |2 20 
100 1 |a Capote, Truman  |0 IT\ICCU\CFIV\022708  |4 aut 
240 1 4 |a The grass harp  |3 IT\ICCU\RAV\0089534  |9 Capote, Truman 
245 1 2 |a L'arpa d'erba :  |b romanzo /  |c Truman Capote. 
260 |a Milano :  |b Garzanti,  |c 1953 
300 |a 158 p. ;  |c 20 cm 
500 |a Tit. dal verso del front.  |0 IT\ICCU\RAV\0089534 
790 1 |a Kapote, Trumen  |3 IT\ICCU\SBNV\029113  |z Capote, Truman 
830 0 |a Romanzi moderni  |0 IT\ICCU\RAV\0086713 
942 |2 ddc  |c BK  |n 0 
952 |0 0  |1 0  |4 0  |6 DOC_813_540000000000000_CAP  |7 0  |9 24990  |a BO  |b BO  |d 2026-01-15  |i 15492  |l 0  |o DOC 813.54 CAP  |p BO15492  |r 2026-01-15 23:23:54  |w 2026-01-15  |x [Sebina 5] [1 v.]  |y BK  |z 1 v. (3. ed., ma rist. 1955) 
999 |c 21233  |d 21233